UBT Library

Protocols for secure electronic commerce / (Record no. 44394)

000 -LEADER
fixed length control field 00855cam a22002534a 4500
001 - CONTROL NUMBER
control field 11863697
005 - DATE AND TIME OF LATEST TRANSACTION
control field 20180308035033.0
008 - FIXED-LENGTH DATA ELEMENTS--GENERAL INFORMATION
fixed length control field 991208s2000 flua b 001 0 eng
010 ## - LIBRARY OF CONGRESS CONTROL NUMBER
LC control number 99089494
020 ## - INTERNATIONAL STANDARD BOOK NUMBER
International Standard Book Number 0849395976 (alk. paper)
040 ## - CATALOGING SOURCE
Original cataloging agency DLC
Transcribing agency DLC
Modifying agency DLC
041 1# - LANGUAGE CODE
Language code of text/sound track or separate title eng
042 ## - AUTHENTICATION CODE
Authentication code pcc
080 ## - UNIVERSAL DECIMAL CLASSIFICATION NUMBER
Universal Decimal Classification number 005.8 HAS
082 00 - DEWEY DECIMAL CLASSIFICATION NUMBER
Classification number 005.8 HAS
Edition number 21
100 1# - Rafti
Rafti 30
101 ## - Shkurtesa
Shkurtesa SHK
240 10 - UNIFORM TITLE
Uniform title <a href="Monnaie électronique.">Monnaie électronique.</a>
Language of a work English
245 10 - TITLE STATEMENT
Title Protocols for secure electronic commerce /
Statement of responsibility, etc Mostafa Hashem Sherif.
504 ## - BIBLIOGRAPHY, ETC. NOTE
Bibliography, etc Includes bibliographical references (p. 443-456) and index.
906 ## - LOCAL DATA ELEMENT F, LDF (RLIN)
a 7
b cbc
c orignew
d 1
e ocip
f 19
g y-gencatlg
942 ## - ADDED ENTRY ELEMENTS (KOHA)
Source of classification or shelving scheme
Item type Books
Holdings
Withdrawn status Lost status Source of classification or shelving scheme Damaged status Not for loan Collection code Permanent location Current location Shelving location Date acquired Total Checkouts Full call number Barcode Date last seen Price effective from Koha item type
          Koleksioni i përgjithshem UBT - Lipjan UBT - Lipjan Koleksioni i përgjithshem 03/08/2018   005.8 HAS 002-3001358 03/08/2018 03/08/2018 Books
UBT Library © 2015-2024. All rights reserved University Education for Business and Technology